000 00481nam a22001695i 4500
001 48094
003 ES-MaACL
007 t|
008 981119s1858 gw ||||1| ger d
040 _aCAM
_bspa
_cCCPB
100 1 _aCurtius, Ernst.
_942251
245 1 0 _aGriechische geschichte /
_cvon Ernst Curtius.
260 _aBerlin :
_bWeidmannsche Buchhandlung,
_c1858-1878.
300 _a3 v. ;
_c21 cm.
500 _aEl tercer volumen es de la 4ยช ed.
852 _aES-MaACL
_jG-1193-5
999 _c48094
_d48094